000 00320 a2200145 4500
001 168783
020 _a
040 _cMagnum
100 _aMelo, Jose Augusto de
240 1 0 _aApostila de matematica - 1 parte
_lpor
245 1 0 _aApostila de matematica - 1 parte
362 0 _a1899
697 _aGERAL
942 _cBK
999 _c168783
_d168783